Estudio de dos tipos de coagulación para la remoción de precursores de sub productos de la desinfección DBPS utilizando carbón activado granular como absorbente a escala de laboratorio aplicado en aguas sintéticas

El presente estudio consistió en la determinación de la capacidad del carbón activado granular en la remoción de los precursores de los subproductos de la desinfectación en agua que ha sido sometida a un proceso previo de coagulación, así mismo a los tipos de coagulación investigados fueron,...

Full description

Bibliographic Details
Main Authors: Selaxza Espinales, Wendell Carl, García López, Eduardo Josué
Other Authors: Tutor: García Granados, Indiana
Format: Tesis Section = Libro
Language:Undetermined
Spanish
Published: Managua UNI 2009
Subjects:
LEADER 01616nam a2200253Ia 4500
008 240830s9999 xx 000 0 und d
040 |a BIBLIOTECA-RUSB/ Mon 662.93 S464 
041 |a spa 
082 |a Mon 662.93 S464 
100 1 |a Selaxza Espinales, Wendell Carl 
100 1 |b García López, Eduardo Josué 
245 1 0 |a Estudio de dos tipos de coagulación para la remoción de precursores de sub productos de la desinfección DBPS utilizando carbón activado granular como absorbente a escala de laboratorio aplicado en aguas sintéticas 
260 |a Managua  |b UNI  |c 2009 
300 |a 91 p. :il. 
502 |a Tesis (Ingeniero Químico) - UNI, 2009. 
520 3 |a El presente estudio consistió en la determinación de la capacidad del carbón activado granular en la remoción de los precursores de los subproductos de la desinfectación en agua que ha sido sometida a un proceso previo de coagulación, así mismo a los tipos de coagulación investigados fueron, coagulación con flósculos preformados y doble de coagulación, esta experimentación se realizó a escala de laboratorio usando agua sintética preparada a diferentes concentraciones de ácido húmico de forma tal que reprodujera las propiedades del agua natural con un variable contenido de material orgánico. 
650 7 |a CARBÓN ACTIVADO - AGUA POTABLE 
650 7 |b  CAOGULACION - FLOCULACION Y SEDIMENTACION 
650 7 |c  PROCESOS DE TRATAMIENTO DE AGUA 
650 7 |d  PURIFICACION DEL AGUA DE ALIMENTACION 
700 1 |a Tutor:  |b García Granados, Indiana 
942 |c BK  |2 ddc 
991 |a TESIS 
999 |c 20681